Applied Biochemistry : (Record no. 1640)

MARC details
000 -LEADER
Fixed length control field 00476nam a2200181Ia 4500
003 - CONTROL NUMBER IDENTIFIER
Control field IIN
005 - DATE AND TIME OF LATEST TRANSACTION
Control field 20240205153807.0
008 - FIXED-LENGTH DATA ELEMENTS--GENERAL INFORMATION
Fixed length control field 231217s9999 xx 000 0 und d
020 ## - INTERNATIONAL STANDARD BOOK NUMBER / ISBN
Price Rs.275.00
International Standard Book Number 9789354518591 (pbk)
040 ## - CATALOGING SOURCE
Original cataloging agency IIN
Language of cataloging English
082 ## - DEWEY DECIMAL CLASSIFICATION NUMBER
Classification number 572.3
Book Number DAS
100 1# - MAIN ENTRY--PERSONAL NAME
Personal name Das, Kuntal
245 1# - TITLE STATEMENT
Title Applied Biochemistry :
Sub title for B.Sc 2nd sem /
Statement of responsibility Kuntal Das
260 ## - IMPRINT
Place of publication Pune :
Name of publisher Nirali Prakashan,
Date of publication 2023
300 ## - PHYSICAL DESCRIPTION
Page / Vol. No 8.9p.
650 1# - SUBJECT ADDED ENTRY--TOPICAL TERM
Topical term Biochemistry
942 ## - ADDED ENTRY ELEMENTS (KOHA)
Koha item type Books
Holdings
Withdrawn status Lost status Damaged status Not for loan Collection code Home library Current library Date acquired Price Total Checkouts Call number Accession number Date last seen Price effective from Koha item type Source of classification
          IDEAL INSTITUTE OF NURSING IDEAL INSTITUTE OF NURSING 17/12/2023 275.00   572.3/DAS D14 17/12/2023 17/12/2023 Books  
          IDEAL INSTITUTE OF NURSING IDEAL INSTITUTE OF NURSING 12/04/2025     572.3 DAS 1899 12/04/2025 12/04/2025 Books Dewey Decimal Classification
© Ideal Institute Of Nursing, All rights reserved.         Powered by Koha